| 000 | 01152 a2200241 4500 | ||
|---|---|---|---|
| 003 | NUST | ||
| 005 | 20230531134855.0 | ||
| 010 | _a 91028267 | ||
| 020 | _a8185623236 | ||
| 040 | _cNust | ||
| 082 | 0 | 0 | _a005.362,SYC |
| 100 | 1 |
_aSyck, Gary. _9112923 |
|
| 245 | 1 | 4 |
_aThe Waite Group's Turbo Pascal how-to 6.0 : _bthe definitive object-oriented problem-solver / _cGary Syck. |
| 250 | _a1st ed. | ||
| 260 |
_aMill Valley, CA : _bWaite Group Press, _cc1991. |
||
| 300 |
_axiv, 474 p. : _bill. ; _c23 cm. |
||
| 505 | _aInteracting with the User (Page-1), Files and Devices (Page-79), Mathematical Operations (Page-149), Strings Manipulation (Page-195), System Programming with Turbo Pascal (Page-231), Object Oriented Programming (Page-269), Graphics (Page-313), Turbo Pascal Routines From Computers Science (Page-355), Utility Program and Units (Page-391), Using Turbo Vision and Turbo Pascal for Microsoft Windows (Page-435). | ||
| 650 | 0 | _aObject-oriented programming (Computer science) | |
| 650 | 0 |
_aPascal (Computer program language) _914014 |
|
| 710 | 2 |
_aWaite Group. _914012 |
|
| 740 | 0 | _aTurbo Pascal how-to. | |
| 942 |
_2ddc _cBK _k005.362,SYC |
||
| 999 |
_c180474 _d180474 |
||